| 000 | 00907nas a2200325 4500 | ||
|---|---|---|---|
| 001 | BR2013000875 | ||
| 003 | BR-BrBNA | ||
| 005 | 20231205121911.0 | ||
| 007 | ta | ||
| 008 | 230509b bl.|||p| |||| 00| 00por d | ||
| 040 |
_aBR-BrBNA _bpor _cBiblioteca Nacional de Agricultura |
||
| 041 | _a(Pt) | ||
| 072 | _aL73 | ||
| 100 | 1 | _aFina, T.C.M. | |
| 100 | 1 | _aMelo, C.B. de | |
| 100 | 1 | _aRamos, A.F. | |
| 100 | 1 | _aLeite, R.C. | |
| 245 | 1 | _aDiarréia bovina a vírus (BVD)- uma breve revisão | |
| 650 | _aBOVINO | ||
| 650 | _aDIARRÉIA | ||
| 650 | _aVÍRUS | ||
| 650 | _aABORTO | ||
| 650 | _aDIAGNÓSTICO | ||
| 650 | _aEPIDEMIOLOGIA | ||
| 650 | _aBIOSSEGURANÇA | ||
| 650 | _aVACINA | ||
| 773 | 0 |
_tRevista Brasileira de Medicina Veterinária (Brazil) _xISSN 0100-2430 _g(Apr-Jun 2012), v. 34(2) p. 131-140 _wBR2013000875 |
|
| 909 |
_a202311 _bLúcia _c55 _dLúcia Elande |
||
| 942 |
_2AGRIS _n0 _cANA |
||
| 999 |
_c225837 _d225837 |
||